Statistics for Unusual celebrity deaths and funerals

Click here to take the quiz!

General Stats

  • This quiz has been taken 22 times
  • The average score is 8 of 18

Answer Stats

Hint Answer % Correct
Pieces of this German-Jewish scientist's brain have been preserved in tupperwareAlbert Einstein
83%
This French general & emperor was buried in 1821 without his manhoodNapoleon
83%
She was enbalmed and showcased for political purposes by her president husbandEva Peron
78%
His corpse has been preserved in a Red Square mausoleumLenin
78%
He was burnt in the Reich ChancelleryAdolf Hitler
67%
This Gonzo writer's ashes were dispersed by a 47 m tall cannonHunter S. Thompson
56%
This murdered US presidential assassin was exhumed in 1981 to verify his identityLee Harvey Oswald
56%
This American outlaw gunslinger was shot from behind in 1882 and buried in his family backyardBilly the Kid
56%
This revolutionary's corpse was initially buried in an anonymous Bolivian mass graveChe Guevara
56%
This American musician is buried in his father's private estateElvis Presley
50%
His corpse was first buried anonymously and then secretly kept in a convent for 11 years until a 1957 burial in Dovia di PredappioBenito Mussolini
22%
This unheralded US athlete was buried in twin Pennsylvania towns, which are named after himJim Thorpe
22%
This US psychologist/writer's ashes were among the first to be dispersed in spaceTimothy Leary
17%
Against his wishes, this US golfer's body was preserved by the cryonics organization AlcorTed Williams
17%
In 1978, thieves stole and demanded a ransom for this American actor's one-year old remains buried in SwitzerlandCharlie Chaplin
11%
This US country-rocker was cremated in Joshua Tree park in 1973Gram Parsons
11%
This US writer/poet's ashes spent 15 years in her attorney's office and were buried in 1988 under her suggested epitaph ''Excuse my dust.''Dorothy Parker
6%
Buried in the Paris Panthéon 100 years after his death, this inventor's inspiring hands remained in the original graveLouis Braille
0%

Score Distribution

Percentile by Number Answered

Percent of People with Each Score

Your Score History

You have not taken this quiz